Changing Trajectories: Rethinking Cooperative and Confrontational Security in the Contemporary World Order

Tento článok skúma odlišné trajektórie kooperatívnych a konfrontačných bezpečnostných praktík v medzinárodnom práve a analyzuje, ako štáty interagujú s právnymi normami uprostred čoraz roztrieštenejšieho globálneho poriadku. Štúdia využíva nedoktrinálnu metodológiu a zasadzuje právo do širších spolo...

ver descrição completa

Na minha lista:
Detalhes bibliográficos
Autor principal: Hraníková Pyteľová, Klaudia, 1985-
Formato: Capítulo de Livro
Idioma:inglês
Assuntos:
Tags: Adicionar Tag
Sem tags, seja o primeiro a adicionar uma tag!

MARC

LEADER 00000naa$a2200000$$$4500
001 0314306
005 20260123125517.1
041 0 |a eng 
044 |a SK 
245 1 0 |a Changing Trajectories: Rethinking Cooperative and Confrontational Security in the Contemporary World Order  |c Klaudia Hraníková Pyteľová 
520 |a Tento článok skúma odlišné trajektórie kooperatívnych a konfrontačných bezpečnostných praktík v medzinárodnom práve a analyzuje, ako štáty interagujú s právnymi normami uprostred čoraz roztrieštenejšieho globálneho poriadku. Štúdia využíva nedoktrinálnu metodológiu a zasadzuje právo do širších spoločensko-politických a inštitucionálnych štruktúr, ktoré formujú jeho interpretáciu a operacionalizáciu. Kooperatívne rámce, ako napríklad OBSE a CWC, zdôrazňujú multilateralizmus a právne obmedzenia. Naproti tomu konfrontačné prístupy sa spoliehajú na unilateralizmus a strategickú právnu reinterpretáciu. 
610 2 0 |a právo 
610 2 0 |a geopolitika 
610 2 0 |a politika zahraničná 
610 2 0 |a porovnanie medzinárodné 
610 2 0 |a politika 
100 1 |a Hraníková Pyteľová, Klaudia, 1985-